[Event "Cannes op"]
[Site "Cannes"]
[Date "2007.02.25"]
[Round "9"]
[White "Derieux, Christian"]
[Black "Saravanan, Venkat"]
[Result "1/2-1/2"]
[WhiteElo "2134"]
[BlackElo "2374"]
[PlyCount "122"]
[EventDate "2007.02.18"]
[EventType "swiss"]
[EventRounds "9"]
[EventCountry "FRA"]
[SourceTitle "CBM 116 Extra"]
[Source "ChessBase"]
[SourceDate "2007.03.07"]
[SourceVersion "1"]
[SourceVersionDate "2007.03.07"]
[SourceQuality "1"]

1. d4 Nf6 2. c4 g6 3. Nc3 Bg7 4. e4 d6 5. Nge2 0-0 6. Ng3 e5 7. d5 a5 8. Be2 Na6 9. h4 c6 10. h5 cxd5 11. cxd5 Nc5 12. Bg5 Bd7 13. Qd2 a4 14. Rb1 Qa5 15. Bh6 b5 16. Bxg7 Kxg7 17. Nf5+ Bxf5 18. exf5 Nce4 19. Qe3 gxf5 20. Kf1 f4 21. Qd3 Nxc3 22. h6+ Kh8 23. bxc3 Rab8 24. Qf5 Qd8 25. Rxb5 Rxb5 26. Bxb5 Qe7 27. Bxa4 Nxd5 28. Bc2 Nf6 29. Rh5 Qe6 30. Rg5 Qxf5 31. Rxf5 Ng8 32. Bb3 f6 33. Rh5 Ne7 34. Ke2 d5 35. Rh1 Rc8 36. Rd1 Rc5 37. a4 Kg8 38. Kd2 Kf7 39. Ra1 Nc6 40. Bc2 e4 41. Rb1 Kg6 42. Rb5 Rxb5 43. axb5 Na5 44. c4 Nxc4+ 45. Kc3 Nd6 46. b6 Kxh6 47. Kd4 e3 48. fxe3 fxe3 49. Bd3 f5 50. Kxe3 Kg5 51. Kd4 Kf6 52. Ba6 h5 53. Kxd5 Ke7 54. b7 Nxb7 55. Bxb7 Kf6 56. Kd4 Kg5 57. Ke3 h4 58. Bf3 h3 59. g3 h2 60. Kf2 f4 61. gxf4+ Kxf4 1/2-1/2

[Event "Cap d'Agde op"]
[Site "Cap d'Agde"]
[Date "2006.10.26"]
[Round "1"]
[White "Derieux, Christian"]
[Black "Georgiev, Vladimir"]
[Result "1/2-1/2"]
[WhiteElo "2144"]
[BlackElo "2532"]
[PlyCount "127"]
[EventDate "2006.10.26"]
[EventType "swiss"]
[EventRounds "9"]
[EventCountry "FRA"]
[SourceTitle "EXT 2007"]
[Source "ChessBase"]
[SourceDate "2006.11.23"]
[SourceVersion "1"]
[SourceVersionDate "2006.11.23"]
[SourceQuality "1"]

1. d4 Nf6 2. c4 e6 3. Nc3 Bb4 4. e3 d5 5. a3 Bxc3+ 6. bxc3 0-0 7. cxd5 exd5 8. Bd3 b6 9. Ne2 Ba6 10. Bxa6 Nxa6 11. 0-0 Re8 12. f3 c5 13. Nf4 Nc7 14. Ra2 Rc8 15. Qd3 Qd7 16. g4 Qb5 17. Qxb5 Nxb5 18. g5 Nd7 19. Nxd5 Nf8 20. a4 Nd6 21. a5 b5 22. Ba3 Ne6 23. Nf4 Nc4 24. Nxe6 Rxe6 25. Bxc5 Nxe3 26. Re1 a6 27. Rae2 Rce8 28. Bd6 Nc4 29. Rxe6 Rxe6 30. Rxe6 fxe6 31. Bb4 Kf7 32. Kf2 Kg6 33. h4 Kf5 34. Kg3 Ne3 35. Bf8 g6 36. Bd6 Nd5 37. Bb4 Nf4 38. Kf2 e5 39. Bd6 Nd5 40. dxe5 Ke6 41. Ke2 Nxc3+ 42. Kd3 Nd5 43. Kd4 b4 44. Kc4 Ne3+ 45. Kxb4 Kd5 46. Bb8 Nc2+ 47. Kc3 Nd4 48. Kd3 Nxf3 49. e6 Kxe6 50. Kc4 Nxh4 51. Kc5 Nf3 52. Kb6 Nxg5 53. Kxa6 Kd7 54. Kb7 Ne6 55. Bg3 h5 56. Bf2 Nd8+ 57. Kb6 g5 58. Be3 Kc8 59. Bxg5 Kb8 60. Bxd8 h4 61. Bxh4 Ka8 62. a6 Kb8 63. a7+ Ka8 64. Ka6 1/2-1/2

[Event "FRA-chT2B 0506"]
[Site "France"]
[Date "2006.04.02"]
[Round "11.7"]
[White "Renaudin, Mathieu"]
[Black "Derieux, Christian"]
[Result "1/2-1/2"]
[WhiteElo "2186"]
[BlackElo "2135"]
[PlyCount "54"]
[EventDate "2005.10.27"]
[EventType "team-tourn"]
[EventRounds "11"]
[EventCountry "FRA"]
[SourceTitle "EXT 2006"]
[Source "ChessBase"]
[SourceDate "2005.11.24"]
[SourceVersion "1"]
[SourceVersionDate "2005.11.24"]
[SourceQuality "1"]
[WhiteTeam "Rueil Malmaison"]
[BlackTeam "Lutece"]
[WhiteTeamCountry "FRA"]
[BlackTeamCountry "FRA"]

1. Nf3 c5 2. c4 Nf6 3. Nc3 d5 4. cxd5 Nxd5 5. e4 Nxc3 6. bxc3 e6 7. Be2 Nd7 8. 0-0 Be7 9. d4 cxd4 10. cxd4 0-0 11. Qc2 b6 12. Rd1 Bb7 13. Bd3 Rc8 14. Qe2 Qc7 15. Bb2 Qf4 16. Rac1 Nf6 17. Rxc8 Rxc8 18. Nd2 Bb4 19. g3 Qd6 20. Nc4 Rxc4 21. Bxc4 Nxe4 22. d5 exd5 23. Bb3 Bc5 24. Bd4 Bxd4 25. Rxd4 Qc5 26. Qe3 g6 27. Kg2 Ng5 1/2-1/2